000 00372nam a2200169Ia 4500
001 9337
003 IN-NITTTR
005 20251114233046.0
008 251113s9999||||xx |||||||||||||| ||eng||
040 _beng
040 _cIN-NITTTR
041 _aeng
082 _a690 B1B
100 _aBRE digest,
245 0 _aBuilding construction. /
_cBRE digest
942 _2ddc
_cBK
999 _c11974
_d11974